<?xml version="1.0" encoding="UTF-8"?>
<record
    xmlns:xsi="http://www.w3.org/2001/XMLSchema-instance"
    xsi:schemaLocation="http://www.loc.gov/MARC21/slim http://www.loc.gov/standards/marcxml/schema/MARC21slim.xsd"
    xmlns="http://www.loc.gov/MARC21/slim">

  <leader>01554nam a2200229Ia 4500</leader>
  <datafield tag="952" ind1=" " ind2=" ">
    <subfield code="0">0</subfield>
    <subfield code="1">0</subfield>
    <subfield code="2">lcc</subfield>
    <subfield code="4">0</subfield>
    <subfield code="7">0</subfield>
    <subfield code="a">03</subfield>
    <subfield code="b">03</subfield>
    <subfield code="d">2001-05-15</subfield>
    <subfield code="l">0</subfield>
    <subfield code="o">HF5822 B71 1991</subfield>
    <subfield code="p">03 002102</subfield>
    <subfield code="r">2012-07-20</subfield>
    <subfield code="t">1</subfield>
    <subfield code="w">2012-07-20</subfield>
    <subfield code="y">LB</subfield>
  </datafield>
  <datafield tag="952" ind1=" " ind2=" ">
    <subfield code="0">0</subfield>
    <subfield code="1">0</subfield>
    <subfield code="4">0</subfield>
    <subfield code="7">0</subfield>
    <subfield code="a">03</subfield>
    <subfield code="b">03</subfield>
    <subfield code="d">2001-05-15</subfield>
    <subfield code="l">0</subfield>
    <subfield code="o">HF5822 B718</subfield>
    <subfield code="p">03 002118</subfield>
    <subfield code="r">2012-07-20</subfield>
    <subfield code="t">2</subfield>
    <subfield code="w">2012-07-20</subfield>
    <subfield code="y">LB</subfield>
  </datafield>
  <datafield tag="952" ind1=" " ind2=" ">
    <subfield code="0">0</subfield>
    <subfield code="1">0</subfield>
    <subfield code="4">0</subfield>
    <subfield code="7">0</subfield>
    <subfield code="a">03</subfield>
    <subfield code="b">03</subfield>
    <subfield code="d">2001-05-15</subfield>
    <subfield code="l">0</subfield>
    <subfield code="o">HF5822 B718</subfield>
    <subfield code="p">03 002337</subfield>
    <subfield code="r">2012-07-20</subfield>
    <subfield code="t">3</subfield>
    <subfield code="w">2012-07-20</subfield>
    <subfield code="y">LB</subfield>
  </datafield>
  <datafield tag="999" ind1=" " ind2=" ">
    <subfield code="c">79508</subfield>
    <subfield code="d">79508</subfield>
  </datafield>
  <controlfield tag="008">120720t19881991mx o          000 0 spa d</controlfield>
  <datafield tag="020" ind1=" " ind2=" ">
    <subfield code="a">9681300149</subfield>
  </datafield>
  <datafield tag="050" ind1=" " ind2=" ">
    <subfield code="a">HF5822</subfield>
    <subfield code="b">B71 1991</subfield>
  </datafield>
  <datafield tag="100" ind1="1" ind2=" ">
    <subfield code="a">Bryan Key, Wilson</subfield>
    <subfield code="e">autor</subfield>
  </datafield>
  <datafield tag="240" ind1=" " ind2=" ">
    <subfield code="a">Subliminal seduction</subfield>
    <subfield code="l">ingl&#xE9;s</subfield>
    <subfield code="s">T&#xED;tulo original</subfield>
  </datafield>
  <datafield tag="245" ind1="1" ind2="0">
    <subfield code="a">Seducci&#xF3;n subliminal</subfield>
    <subfield code="c"> / Wilson Bryan Key ; traducci&#xF3;n Guadalupe Garc&#xED;a de Le&#xF3;n del Paso</subfield>
  </datafield>
  <datafield tag="260" ind1=" " ind2=" ">
    <subfield code="a">M&#xE9;xico</subfield>
    <subfield code="b"> : Diana</subfield>
    <subfield code="c">, 1991</subfield>
  </datafield>
  <datafield tag="300" ind1=" " ind2=" ">
    <subfield code="a">284 p&#xE1;ginas</subfield>
    <subfield code="b"> : fotograf&#xED;as</subfield>
  </datafield>
  <datafield tag="500" ind1=" " ind2=" ">
    <subfield code="a">18 Impresi&#xF3;n 1991</subfield>
  </datafield>
  <datafield tag="504" ind1=" " ind2=" ">
    <subfield code="a">Referencias (pp. 279-284)</subfield>
  </datafield>
  <datafield tag="505" ind1=" " ind2=" ">
    <subfield code="a">Introducci&#xF3;n: el vicio por los anuncios de los medios de comunicaci&#xF3;n
La ilusi&#xF3;n de realidad de los medios masivos  de comunicaci&#xF3;n
Lenguaje dentro de un lenguaje
Las defensas perceptivas ocultan los significados a favor de la manipulaci&#xF3;n subliminal
La inmersi&#xF3;n de los medios de comunicaci&#xF3;n, el bautismo mediante palabras y fotograf&#xED;as
Usted compra a causa de aquello que no se ve
El sexo est&#xE1; vivo e imbuido en casi todas las cosas
El s&#xED;ndrome del  Playboy &#xBF;Qui&#xE9;n juega con qui&#xE9;n o qu&#xE9; o de qui&#xE9;n?
La castraci&#xF3;n del Cosmovogue
El fisg&#xF3;n enga&#xF1;ado del video (lo que no puede ver es lo que convence)
El hombre que casi lleg&#xF3; a pensar por s&#xED; mismo
La avaricia enga&#xF1;osa de los medios de comunicaci&#xF3;n masiva</subfield>
  </datafield>
  <datafield tag="519" ind1=" " ind2=" ">
    <subfield code="a">Material Complementario / </subfield>
    <subfield code="d">(03 002102), (03 002118) (03 002337)</subfield>
  </datafield>
  <datafield tag="650" ind1="1" ind2="4">
    <subfield code="a">PUBLICIDAD</subfield>
    <subfield code="x">ESTADOS UNIDOS</subfield>
  </datafield>
  <datafield tag="650" ind1="2" ind2="4">
    <subfield code="a">PUBLICIDAD</subfield>
    <subfield code="x">ASPECTOS PSICOLOGICOS</subfield>
  </datafield>
  <datafield tag="700" ind1="1" ind2=" ">
    <subfield code="a">Garc&#xED;a de Le&#xF3;n del Paso, Guadalupe</subfield>
    <subfield code="e">traductora</subfield>
  </datafield>
  <datafield tag="942" ind1=" " ind2=" ">
    <subfield code="c">LB</subfield>
    <subfield code="2">lcc</subfield>
  </datafield>
</record>
